书目信息 |
| 书名: | Structural mechanics and analysis, level IV/V | |
| 作者: | W.M. Jenkins | |
| 分册号: | ||
| 分册名: | 出版地: | New York : |
|
| 出版社: | Van Nostrand Reinhold Co | |
| 出版时间: | c1982. | |
| 页数: | xiii, 417 p. : | |
| 开本: | 23 cm. | |
| 丛书名: | Higher technical education courses | |
| 中图分类号: | ||
| 科图分类号: | ||
| 其他分类号: | O342-43 | |
| 主题词: | ||
| 电子资源: | ||
| 000 | 01011nam 2200301 a 4500 | |
| 001 | E0731031508 | |
| 005 | 20070226084053.85 | |
| 008 | uu | |
| 008 | 810309s1982 nyua 00110 eng | |
| 010 | @a81002431 //r902 | |
| 020 | @a0442303602. | |
| 020 | @a0442303610 (pbk.). | |
| 040 | @aDLC @cDLC @dDLC | |
| 049 | @aN5LA | |
| 050 | 10 | @aTA645 @b.J42 |
| 082 | 00 | @a624.1/71 @219 |
| 090 | @a2/TU311/J52///////////////////////*971542/-3/ 2cop. | |
| 090 | @aO342-43 | |
| 096 | @aTU311 @v2 | |
| 099 | @dO342-43@ex1:1 | |
| 100 | 1 | @aJenkins, W. M. @q(William McLaren), @d1927- |
| 245 | 10 | @aStructural mechanics and analysis, level IV/V / @cW.M. Jenkins |
| 260 | @aNew York :@bVan Nostrand Reinhold Co.,@cc1982. | |
| 300 | @axiii, 417 p. :@bill. ;@c23 cm. | |
| 440 | 0 | @aHigher technical education courses |
| 500 | @aIncludes index. | |
| 650 | 0 | @aStructural analysis (Engineering) @b00 @c20020930 @lNLC09 @h2248 @lNLC09 @h2321 @lNLC09 @h1912 |
| 852 | 9 | @bWWJC @cJ08S @k2 @hTU311 @iJ52 |
| Structural mechanics and analysis, level IV/V / / W.M. Jenkins.-New York : : Van Nostrand Reinhold Co., , c1982. |
| xiii, 417 p. : : ill. ; ; 23 cm.- (Higher technical education courses ) |
| Includes index. |
| ISBN 0442303602. |
| ● |
| 相关链接 |
|
|
|
|
正题名:Structural mechanics and analysis, level IV/V
索取号:O342-43/x1:1
 
预约/预借
| 序号 | 登录号 | 条形码 | 馆藏地/架位号 | 状态 | 备注 |
| 1 | 181642 | 000453146 | 第二样本阅览室/ [索取号:O342-43/x1:1] | 在馆 | |
| 2 | 181643 | 000453155 | 第四借阅区/ [索取号:O342-43/x1:1] | 在馆 | |
| 3 | 181644 | 000453164 | 第四借阅区/ [索取号:O342-43/x1:1] | 在馆 |